Otvorené otázky a úskalia implementácie novej bazilejskej dohody o kapitáli

Ciele Novej bazilejskej zmluvy o kapitáli (NBCA) v oblasti kreditného rizika. Meranie kreditného rizika s dôrazom na využitie vnútorných modelov banky. Používanie moderných metód merania rizík. Kontrola prijateľnej miery rizika zo strany regulačných orgánov finančného sektora.

Guardado en:
Detalles Bibliográficos
Autor principal: Malina, Ľubor
Formato: Capítulo de libro
Lenguaje:eslovaco
Materias:
Etiquetas: Agregar Etiqueta
Sin Etiquetas, Sea el primero en etiquetar este registro!

MARC

LEADER 00000naa$a2200000$$$4500
001 0005598
005 20170718083544.5
041 0 |a slo 
044 |a SK 
245 1 0 |a Otvorené otázky a úskalia implementácie novej bazilejskej dohody o kapitáli  |c aut. Ľubor Malina 
520 |a Ciele Novej bazilejskej zmluvy o kapitáli (NBCA) v oblasti kreditného rizika. Meranie kreditného rizika s dôrazom na využitie vnútorných modelov banky. Používanie moderných metód merania rizík. Kontrola prijateľnej miery rizika zo strany regulačných orgánov finančného sektora. 
610 2 0 |a primeranosť kapitálová 
610 2 0 |a riziko bankové 
610 2 0 |a riziko úverové 
610 2 0 |a dohľad bankový 
610 2 0 |a riziko operačné 
610 2 0 |a Bazilej II 
100 1 |a Malina, Ľubor